=LDR 00000nam 2200000 4500 =001 INLIS000000000036898 =005 20130612142646 =008 ***********************************Ind** =035 ##$$0010-061300000036898 =041 ##$$a Ind =082 ##$$a 028.5 =090 ##$$a 028.5, Hon b =100 ##$$a Hong =245 ##$$a Bertahan hidup di dunia dinosaurus, Hong Jae-Cheol ; penerjemah, Endah Nawang Novianti =260 ##$$a 2011 $b Jakarta =300 ##$$a 207 hlm, ilus, 23 cm =650 ##$$a Bacaan kanak-kanak =700 ##$$a Novianti, Endah Nawang =850 ##$$a NBPNMAT